International Urban Growth Policies (Record no. 5230)
[ view plain ]
| 000 -LEADER | |
|---|---|
| fixed length control field | 00273nam a2200109Ia 4500 |
| 008 - FIXED-LENGTH DATA ELEMENTS--GENERAL INFORMATION | |
| fixed length control field | 200302s9999 xx 000 0 und d |
| 100 ## - MAIN ENTRY--PERSONAL NAME | |
| Personal name | Gldeon Golany |
| 245 ## - TITLE STATEMENT | |
| Title | International Urban Growth Policies |
| 260 ## - PUBLICATION, DISTRIBUTION, ETC. | |
| Name of publisher, distributor, etc. | John Wiley & Sons Inc. |
| 260 ## - PUBLICATION, DISTRIBUTION, ETC. | |
| Date of publication, distribution, etc. | 1978 |
| 300 ## - PHYSICAL DESCRIPTION | |
| Extent | 460 P., |
| Withdrawn status | Lost status | Damaged status | Not for loan | Permanent Location | Current Location | Date acquired | Cost, normal purchase price | Full call number | Barcode | Date last seen | Price effective from | Koha item type |
|---|---|---|---|---|---|---|---|---|---|---|---|---|
| BMS College of Architecture, Design and Planning | BMS College of Architecture, Design and Planning | 2020-03-03 | 441.60 | 309.262 | CL-PG18657 | 2020-03-03 | 2020-03-03 | PG Books from CL |